Cholera : román. Kniha druhá /

Hlavní autor: Nižnánsky, Jozef, 1903-1976
Další autoři: Rambouská, Ľuda, 1899-1952
Jazyk: Slovenština
Vydáno: Bratislava : Bohumil Buocik, 1947
Vydání: 3. vyd.
Edice: Domáca pôvodná literatúra
Fyzický popis: 344 s. : il. ; 21 cm
Knihy
Uloženo v:
LEADER 00846nam a22002412a 4500
001 001902958
003 CZ BrMZK
005 20240725123033.0
007 ta
008 240725s1947 xo a er|||||||||||slo d
040 |a BOA001  |b cze  |e aacr2 
100 1 |a Nižnánsky, Jozef,  |d 1903-1976  |7 jn20010309215  |4 aut 
245 1 0 |a Cholera :  |b román.  |n Kniha druhá /  |c Jožo Nižnánsky ; ilustrácie Ľudmila Rambouská 
250 |a 3. vyd. 
260 |a Bratislava :  |b Bohumil Buocik,  |c 1947 
300 |a 344 s. :  |b il. ;  |c 21 cm 
490 1 |a Domáca pôvodná literatúra ;  |v sv. 11 
700 1 |a Rambouská, Ľuda,  |d 1899-1952  |7 jn20001227037  |4 ill 
830 0 |a Domáca pôvodná literatúra 
910 |a BOA001  |b 2-0198.219,11 
990 |a BK 
991 |b 202407 
996 6 |b 2618765349  |c 2-0198.219,11  |l MZK  |r Sklad / do 24 hodin  |n 0  |w 001971737  |u 000010  |a 1  |e BOA001  |j MZK50  |s P